What's That Japanese Word? - Statistics

General Stats
  • This quiz has been taken 845 times
  • The average score is 9 of 14
Answer Stats
Japanese word Literal translation Actual translation % Correct
縞馬 Striped horse Zebra
93%
大学 Big school University
89%
足の指 Feet finger Toe
88%
救急車 Fast help car Ambulance
83%
鼻水 Nose water Snot
74%
靴下 Under shoes Socks
72%
手首 Hand neck Wrist
65%
親指 Parent finger Thumb
60%
二日酔い Two day drunk Hangover
59%
鼻くそ Nose shit Booger
53%
手袋 Hand bag Glove
37%
ハリネズミ Needle mouse Hedgehog
32%
鼻歌 Nose song Hum
32%
花火 Fire flower Firework
29%
No matching quizzes found
Score Distribution
Percent of People with Each Score
Percentile by Number Answered
Your Score History
You have not taken this quiz